Опасната улица (Запис номер 78815)
[ съкратено ]
| 000 -Лидер | |
|---|---|
| Контролно поле с фиксирана дължина | 01415nam a2200361 c 4500 |
| 003 - Код на организацията, давaща контролен номер | |
| Контролно поле | BLK |
| 005 - Дата и час на последна редакция | |
| Контролно поле | 20220202175211.0 |
| 008 - Елементи от данни с фиксирана дължина | |
| fixed length control field | 180408b bul|||||r ||||||| ||bul|| |
| 010 ## - Наследен системен номер | |
| LC control number | KNG00083282000 |
| 020 ## - Международен стандартен номер на книга ISBN | |
| Международен стандартен номер на книга ISBN | 978-954-431-354-8 |
| -- | издат.: Златното пате |
| 040 ## - Източник на каталожния запис | |
| Идентификатор на билиотеката - собственик на записа | BLK |
| 041 ## - Код за език | |
| Код за езика на текст/звукозапис или на отделно заглавие | Български |
| Код за езика КДБФ | Български |
| 080 ## - УДК | |
| Текстов определител УДК | Руска литература |
| УДК код - определител по УДК | 821.161.1 |
| УДК определител | -93-1 |
| УДК - код + определител | 821.161.1-93-1 |
| 100 1# - Редна дума - Автор | |
| Автор | Крас, Олга |
| Авторска отговорност | първи автор |
| R(LIN) | 83903 |
| 139 ## - Редно поле | |
| Редна дума | Крас, Олга |
| Авторски знак | Крал - К 89 |
| 245 10 - Сведения за заглавието | |
| Заглавие | Опасната улица |
| Редно поле (дума) | Олга Крас; стихове Атанас Цанков; ил. Н. Реброва. |
| 257 ## - Страна на издаване | |
| Страна на създаване/издаване | България |
| 260 ## - Област на издателските данни | |
| -- | София |
| Име на издателя, разпространителя и проч. | Златното пате |
| Година на издаване | 2007 |
| Печатница | София : Проф-Прес |
| 300 ## - Физическа характеристика | |
| Страници | 10 с. |
| Илюстрации и др. | с цв. ил. |
| Размери/Мащаб | 16Х16 см |
| 380 ## - Жанр | |
| Жанр | Детска худож. лит. |
| 500 ## - Общи забележки | |
| Забележка | Без сведение за ориг. загл. - Кор. опис. - Офс. изд. |
| 653 ## - Ключова дума – ненормативна | |
| Ключова дума | стихотворения за деца |
| 653 ## - Ключова дума – ненормативна | |
| Ключова дума | книжки-картинки |
| 653 ## - Ключова дума – ненормативна | |
| Ключова дума | литература за деца |
| 653 ## - Ключова дума – ненормативна | |
| Ключова дума | детска литература |
| 700 1# - Други автори (авторска отговорност) | |
| Лично име | Цанков, Атанас |
| Автороска отговорност (Описва отношението между автора и произведението) | стихове |
| 9 (RLIN) | 368970 |
| 700 1# - Други автори (авторска отговорност) | |
| Лично име | Реброва, Н. |
| Автороска отговорност (Описва отношението между автора и произведението) | ил. |
| 9 (RLIN) | 115709 |
| 852 ## - Местоположение | |
| Форматна сигнатура | Цб І 33009 |
| 856 4# - Електронен адрес и достъп | |
| Електронен формат | pdf - файл |
| Път до файла /url/ | |
| 856 4# - Електронен адрес и достъп | |
| Електронен формат | pdf - файл |
| Път до файла /url/ | |
| 942 ## - АРТИКУЛИ | |
| Вид на библиотечния материал | Книги |
| Скрит в OPAC | Не |
| Koha issues (borrowed), all copies | 9 |
| 944 ## - СЪЗДАВАНЕ И РЕДАКЦИЯ на ЗАПИСА | |
| Създаване/Редакция | Създаване |
| Дата на регистрацията/редакция | 17.04.2008 |
| Служител, извършил регистрацията/редакцията | Наталия_Медовщикова |
| 944 ## - СЪЗДАВАНЕ И РЕДАКЦИЯ на ЗАПИСА | |
| Създаване/Редакция | Редакция |
| Дата на регистрацията/редакция | 14.07.2017 |
| Служител, извършил регистрацията/редакцията | Пенка_Димитрова |
| 999 ## - СИСТЕМНИ КОНТРОЛНИ НОМЕРА | |
| Koha biblionumber | 78815 |
| Koha biblioitemnumber | 78815 |
| Код за отписване | Код за изгубен артикул | Код за повреда | Коз за рестрикции | Код за отдаване | Артикулен № | Име на библиотеката - собственик | Име на библиотеката, в която се намира в момента | Статус (Текущо местоположение) | Дата на вписване в системата | Местоположение - отдел | Цена в лева | Инвентарен номер | Систематично азбучна сигнатура | Баркод | Номер на екземпляра | Цена в евро | Служебна бележка | Служебен тип на артикула | Източник на класификационната схема |
|---|---|---|---|---|---|---|---|---|---|---|---|---|---|---|---|---|---|---|---|
| Не е изгубен | Не е повреден | без рестрикции | ползва се в читалня | 127472 | Регионална библиотека "Любен Каравелов" Русе | Регионална библиотека "Любен Каравелов" Русе | Хранилище | 2008-04-17 | Хранилище | 3.50 | 120000725657 | Цб І 33009 | 120000725657 | 1 | 1.79 | Дост: Dp Вид: Д N: 11 Дата: 13.02.2008 | Книги | ||
| Изтеглен | Не е изгубен | Не е повреден | без рестрикции | заемане за дома | 127473 | Регионална библиотека "Любен Каравелов" Русе | Регионална библиотека "Любен Каравелов" Русе | Детски отдел | 2008-10-03 | Детски отдел | 3.50 | 120000730149 | ДХ 820/899/К 89 | 120000730149 | 2 | 1.79 | Дост: Pk Вид: Ф N: 8544 Дата: 03.10.2008 Дата инв: 18.08.2015 Бележки инв: Д2015 | Книги | Universal Decimal Classification |
| Изтеглен | Не е изгубен | Не е повреден | без рестрикции | заемане за дома | 127474 | Регионална библиотека "Любен Каравелов" Русе | Регионална библиотека "Любен Каравелов" Русе | Детски отдел | 2008-10-20 | Детски отдел | 3.50 | 120000730731 | ДХ 820/899/К 89 | 120000730731 | 3 | 1.79 | Дост: Pk Вид: Ф N: 8706 Дата: 14.10.2008 Дата инв: 18.08.2015 Бележки инв: Д2015 | Книги | Universal Decimal Classification |
| Изтеглен | Не е изгубен | Не е повреден | без рестрикции | заемане за дома | 127475 | Регионална библиотека "Любен Каравелов" Русе | Регионална библиотека "Любен Каравелов" Русе | Детски отдел | 2008-10-20 | Детски отдел | 3.50 | 120000730732 | ДХ 820/899/К 89 | 120000730732 | 4 | 1.79 | Дост: Pk Вид: Ф N: 8706 Дата: 14.10.2008 Дата инв: 18.08.2015 Бележки инв: Д2015 | Книги | Universal Decimal Classification |
| Изтеглен | Не е изгубен | Не е повреден | без рестрикции | заемане за дома | 127476 | Регионална библиотека "Любен Каравелов" Русе | Регионална библиотека "Любен Каравелов" Русе | Детски отдел | 2017-07-14 | Детски отдел | 3.50 | 120000813428 | ДХ 820/899/К 89 | 120000813428 | 5 | 1.79 | Дост: DA Вид: А N: 30 Дата: 14.07.2017 | Книги | Universal Decimal Classification |